Economic Development in Europe and the Global Financial Crisis

Rok 2014 ako začiatok pokrízovej Európy a stabilizácie ekonomík eurozóny.

Saved in:
Bibliographic Details
Main Author: Dziurová, Valéria, 1986-
Format: Book Chapter
Language:English
Subjects:
Tags: Add Tag
No Tags, Be the first to tag this record!

MARC

LEADER 00000nla a2200000 4500
001 0197186
005 20240502073329.5
041 0 |a eng 
044 |a SK 
245 1 0 |a Economic Development in Europe and the Global Financial Crisis  |c Valéria Dziurová 
520 |a Rok 2014 ako začiatok pokrízovej Európy a stabilizácie ekonomík eurozóny. 
610 2 0 |a kríza finančná 
610 2 0 |a eurozóna 
610 2 0 |a rast hospodársky 
610 2 0 |a konsolidácia 
100 1 |a Dziurová, Valéria, 1986-